| 000 | 01510cam a22003855a 4500 | ||
|---|---|---|---|
| 001 | 16940898 | ||
| 003 | OSt | ||
| 005 | 20140310182007.0 | ||
| 008 | 110830s1991 nyu j 000 1 eng d | ||
| 010 | _a 2011489093 | ||
| 020 | _a0440405963 (pbk.) | ||
| 020 | _a9780440405962 (pbk.) | ||
| 035 | _a(OCoLC)ocm24789419 | ||
| 040 |
_aCOQ _cCOQ _dOCL _dOCLCQ _dBTCTA _dLPU _dDLC |
||
| 042 | _alccopycat | ||
| 050 |
_aPS 3576 _b.W932 1991 |
||
| 082 |
_aKF _bW89f 1991 |
||
| 100 | 1 |
_aWorth, Bonnie. _95602 |
|
| 245 | 1 | 0 |
_aFull house : _bway to go, chipmunk cheeks / _cBonnie Worth. |
| 260 |
_aNew York, N.Y. : _bDell, _cc1991. |
||
| 300 |
_a92 p. ; _c20 cm. |
||
| 500 | _a"Based on the series Full house created by Jeff Franklin, and on episodes written by Jeff Franklin, Martie Cook, Marc Warren & Dennis Rinsler." | ||
| 500 | _a"A Parachute Press book." | ||
| 520 | _aD.J. has three weeks to become skinny as a model, Stephanie gets stuck taking Joey to a mother/daughter slumber party, and Michelle takes on a new personality. | ||
| 541 | _j1 | ||
| 562 | _eFor circulation. 1 copy available in the collection | ||
| 650 | 0 |
_aFamily _vJuvenile fiction. _95603 |
|
| 700 | 1 |
_aFranklin, Jeff. _95604 |
|
| 710 | 2 |
_aCopyright Paperback Collection (Library of Congress) _5DLC _9705 |
|
| 730 | 0 |
_aFull house (Television program) _94109 |
|
| 740 | 0 | _aWay to go, chipmunk cheeks. | |
| 906 |
_a0 _bibc _ccopycat _d2 _encip _f20 _gy-genrareb |
||
| 942 |
_2lcc _cBK-KF _kKF |
||
| 999 |
_c8073 _d8073 |
||